Statistics for The Weeknd setlist 2023 Paris

Click here to take the quiz!

General Stats

  • This quiz has been taken 158 times
  • The average score is 21 of 35

Answer Stats

NumberAnswer% Correct
11Starboy
93%
7The Hills
88%
30Blinding Lights
84%
28Save Your Tears
74%
2Sacrifice
69%
1Take My Breath
69%
18After Hours
68%
21Die For You
66%
25Call Out My Name
65%
4Can't Feel My Face
65%
12House of Balloons
65%
35Moth to a Flame
65%
33Popular
63%
3How Do I Make You Love Me ?
61%
34In Your Eyes
61%
13Heartless
60%
22Is There Someone Else ?
60%
20I Feel It Coming
59%
9Often
58%
19Out of Time
58%
6Hurricane
55%
16Party Monster
55%
10Crew Love
54%
29Less Than Zero
53%
17Faith
51%
14Low Life
49%
15Reminder
49%
24Wicked Games
49%
23I Was Never There
48%
27The Morning
48%
8Kiss Land
46%
26Montreal
46%
31Tears in the Rain
43%
5Lost in the Fire
40%
32Creepin'
38%

Score Distribution

Percentile by Number Answered

Percent of People with Each Score

Your Score History

You have not taken this quiz